| Record ID | harvard_bibliographic_metadata/ab.bib.09.20150123.full.mrc:612118187:1108 |
| Source | Harvard University |
| Download Link | /show-records/harvard_bibliographic_metadata/ab.bib.09.20150123.full.mrc:612118187:1108?format=raw |
LEADER: 01108cam a2200325Ia 4500
001 009613976-5
005 20080513095038.0
008 990929s1996 gw a b 000 0 ger d
020 $a345833582X
020 $a9783458335825
035 0 $aocm42455439
040 $aWTU$cWTU
041 0 $agergrc$hgrc
100 0 $aHippocrates.
240 10 $aHippocratic oath.$lGerman & Greek
245 14 $aDer Eid des Arztes :$bgriechisch und deutsch ; Von der heiligen Krankheit /$cHippocrates ; neu übersetzt und herausgegeben von Kurt Steinmann.
250 $a1. Aufl.
260 $aFrankfurt am Main :$bInsel Verlag,$c1996.
300 $a100 p. :$bill. ;$c18 cm.
440 0 $aInsel Taschenbuch ;$v1882
504 $aIncludes bibliographical references.
546 $aGerman, with Der Eid in Greek and German.
600 00 $aHippocrates.$tHippocratic oath.
600 00 $aHippocrates.$tDe morbo sacro.
650 0 $aMedicine, Greek and Roman.
700 02 $aHippocrates.$tDe morbo sacro.$lGerman.
700 1 $aSteinmann, Kurt,$d1945-
740 02 $aVon der heiligen Krankheit.
988 $a20050426
906 $0OCLC